Echo cancellation and double talk detection for VOIP / (Record no. 182675)

000 -LEADER
fixed length control field 00966 a2200193 4500
003 - CONTROL NUMBER IDENTIFIER
control field NUST
005 - DATE AND TIME OF LATEST TRANSACTION
control field 20251111190037.0
040 ## - CATALOGING SOURCE
Transcribing agency Nust
082 ## - DEWEY DECIMAL CLASSIFICATION NUMBER
Classification number 621.382,OME
100 ## - MAIN ENTRY--PERSONAL NAME
Personal name Omer , GC Mohammad (TCC-10)
9 (RLIN) 131820
245 ## - TITLE STATEMENT
Title Echo cancellation and double talk detection for VOIP /
Statement of responsibility, etc. GC Mohammad Omer & GC Mohammad Waseem, GC Naveed Zubair, GC Nauman Iqbal.
260 ## - PUBLICATION, DISTRIBUTION, ETC.
Place of publication, distribution, etc. Rawalpindi
Name of publisher, distributor, etc. MCS (NUST)
Date of publication, distribution, etc. 2002
300 ## - PHYSICAL DESCRIPTION
Extent 110 p.;
505 ## - FORMATTED CONTENTS NOTE
Formatted contents note Line Echo Cancellation A Brief Overview (Page-7), Adaptive Filtering (Page-20),Orthogonalization (page-41), Lattice Weiner Filters (Page-50), Orthogonalizing Correction Factors Employing Modified Gram Schmidt Algorithm (Page-61), Introduction to Doubletalk Detection (Page-73), Doubletalk Detection Using A Few Novel Estimates (page-84), A New of DTD Using Fuzzy Logic (Page-102),.
650 ## - SUBJECT ADDED ENTRY--TOPICAL TERM
Topical term or geographic name entry element UG Projects
9 (RLIN) 98716
651 ## - SUBJECT ADDED ENTRY--GEOGRAPHIC NAME
Geographic name TCC-10
9 (RLIN) 131808
700 ## - ADDED ENTRY--PERSONAL NAME
Personal name Supervised by Col Jalil Qureshi
9 (RLIN) 131821
942 ## - ADDED ENTRY ELEMENTS (KOHA)
Koha item type Project Report
Source of classification or shelving scheme
Holdings
Withdrawn status Lost status Source of classification or shelving scheme Damaged status Not for loan Permanent Location Current Location Shelving location Date acquired Full call number Barcode Date last seen Price effective from Koha item type Public note
          Military College of Signals (MCS) Military College of Signals (MCS) Reference 12/12/2016 621.382,QME MCSPTC-38 12/08/2016 12/12/2016 Project Report Almirah No. 94, Shelf No. 1
© 2023 Central Library, National University of Sciences and Technology. All Rights Reserved.